No Place Like Home / (Record no. 49229)
| 000 -LEADER | |
|---|---|
| fixed length control field | 00620nam a2200121 4500 |
| 020 ## - INTERNATIONAL STANDARD BOOK NUMBER | |
| International Standard Book Number | 9781844285211 |
| 100 ## - MAIN ENTRY--PERSONAL NAME | |
| Personal name | Emmett, Jonathan, |
| Relator term | author. |
| 9 (RLIN) | 65408 |
| 245 ## - TITLE STATEMENT | |
| Title | No Place Like Home / |
| Statement of responsibility, etc | by Jonathan Emmett, Illustrated by Venessa Cabban. |
| 260 ## - PUBLICATION, DISTRIBUTION, ETC. (IMPRINT) | |
| Place of publication, distribution, etc | UK.; |
| Name of publisher, distributor, etc | Walker Childrens Paperbacks: |
| Date of publication, distribution, etc | January 1, 2006. |
| 300 ## - PHYSICAL DESCRIPTION | |
| Extent | 32 pages. |
| Dimensions | 8.19 x 0.2 x 11.73 inches. |
| 520 ## - SUMMARY, ETC. | |
| Summary, etc | Mole thinks his burrow is small and dark and dull. So he sets off to find somewhere big and bright and beautiful instead. His friends are full of ideas, but finding a new home that is just right is, as Mole discovers, no simple matter! |
| 942 ## - ADDED ENTRY ELEMENTS (KOHA) | |
| Source of classification or shelving scheme | |
| Withdrawn status | Lost status | Source of classification or shelving scheme | Damaged status | Not for loan | Home library | Current library | Date acquired | Total Checkouts | Full call number | Barcode | Date last seen | Date checked out | Price effective from | Koha item type |
|---|---|---|---|---|---|---|---|---|---|---|---|---|---|---|
| Logos International School | Logos International School | 08/11/2025 | 1 | E EMM | 042830 | 08/21/2025 | 08/12/2025 | 08/11/2025 | Book |